| 000 | 00706nam a2200217 a 4500 | ||
|---|---|---|---|
| 001 | 000025738 | ||
| 005 | 20200930024018.0 | ||
| 008 | 110221s1961 sp r 001 0 spa d | ||
| 040 |
_aDO-SdBNP _bspa _cBNPHU |
||
| 082 |
_ann* _bnn* |
||
| 100 | 1 |
_aRegatillo, Eduardo F. _952536 |
|
| 245 | 1 | 3 |
_aEl concordato español de 1953 / _cP. Eduardo F. Regatillo, S. I. |
| 260 |
_aSantander : _bSal Terrae, _c1961. |
||
| 300 |
_a639 p. ; _c25 cm. |
||
| 490 | 1 | _aBibliotheca Comillensis | |
| 500 | _aIncluye índice alfabético. | ||
| 504 | _aBibliografía : [7]-8 p. | ||
| 500 | _aIncluye referencias bibliográficas y notas al pie de las páginas. | ||
| 830 | 0 |
_aBibliotheca Comillensis _952537 |
|
| 049 | _aBNGR | ||
| 999 |
_c25230 _d25230 |
||